Paediatric neurology
The book offers a clear recognition of the numerous epilepsy syndromes of childhood, many of them with genetic implications, has increased our diagnostic abilities and allowed more rational decisions on investigation, prognosis and treatment. This book is written by six authors in their areas of spe...
Na minha lista:
| Formato: | Livro |
|---|---|
| Idioma: | Undetermined |
| Publicado em: |
New York
Churchill Livingstone
1997
|
| Assuntos: | |
| Tags: |
Adicionar Tag
Sem tags, seja o primeiro a adicionar uma tag!
|
| Thư viện lưu trữ: | Trung tâm Học liệu Trường Đại học Cần Thơ |
|---|
| LEADER | 00757nam a2200181Ia 4500 | ||
|---|---|---|---|
| 001 | CTU_15461 | ||
| 008 | 210402s9999 xx 000 0 und d | ||
| 020 | |b 475df | ||
| 082 | |a 618.9 | ||
| 082 | |b P126 | ||
| 245 | 0 | |a Paediatric neurology | |
| 260 | |a New York | ||
| 260 | |b Churchill Livingstone | ||
| 260 | |c 1997 | ||
| 520 | |a The book offers a clear recognition of the numerous epilepsy syndromes of childhood, many of them with genetic implications, has increased our diagnostic abilities and allowed more rational decisions on investigation, prognosis and treatment. This book is written by six authors in their areas of special expertise | ||
| 650 | |a pediatrics | ||
| 904 | |i Minh, 970405 | ||
| 980 | |a Trung tâm Học liệu Trường Đại học Cần Thơ | ||